MESTSKÁ KNIŽNICA GIRALTOVCE  - online katalóg 

Ekonómia v novej ekonomike (Record no. 23262)

000 -NÁVESTIE
fixed length control field 00950cam a2200313 a 4500
001 - EVIDENČNÉ ČÍSLO ZÁZNAMU - Kontrolné číslo
control field vtls008411435
005 - DÁTUM A ČAS POSLEDNEJ TRANSAKCIE
control field 20220615113508.0
008 - ÚDAJE S PEVNOU DĹŽKOU – VŠEOBECNÉ INFORMÁCIE
fixed length control field 160610s2005 xo l d p 001 0 slo
020 ## - MEDZINÁRODNÉ ŠTANDARDNÉ ČÍSLO KNIHY (ISBN)
Medzinárodné štandardné číslo knihy (ISBN) 8080780633 (viaz.)
035 ## - Iný štandardný identifikátor
Iný štandardný identifikátor 90812A40-568C-4F99-8F04-6B72D809F337
035 ## - Iný štandardný identifikátor
Iný štandardný identifikátor urn:nbn:sk:snk-amlb14
035 ## - Iný štandardný identifikátor
Iný štandardný identifikátor urn:nbn:sk:snk-am0092zn
040 ## - ZDROJ KATALOGIZÁCIE
Pôvodná katalogizujúca agentúra SVKPO
Jazyk katalogizácie slo
Prepisujúca agentúra SVKPO
Modifikujúca agentúra SNK
041 0# - KÓD JAZYKA
Kód jazyka textu/zvukovej stopy alebo samostatných nápisov slo
044 ## - KÓD KRAJINY VYDAVATEĽA/PRODUCENTA
Kód krajiny MARC xo
Kód krajiny ISO SK
072 #7 - KÓD PREDMETOVEJ KATEGÓRIE
Kód predmetovej kategórie 33
Pododdiel kódu predmetovej kategórie Ekonómia
Zdroj konspekt
080 ## - ČÍSLO MEDZINÁRODNÉHO DESATINNÉHO TRIEDENIA (MDT)
Číslo Medzinárodného desatinného triedenia (MDT) (075.8)
Identifikátor vydania MDT-MRF
080 ## - ČÍSLO MEDZINÁRODNÉHO DESATINNÉHO TRIEDENIA (MDT)
Číslo Medzinárodného desatinného triedenia (MDT) 33
Identifikátor vydania MDT-MRF
100 1# - OSOBNÉ MENÁ – VŠEOBECNÉ INFORMÁCIE
Osobné meno Lisý, Ján,
Dátumy súvisiace s menom 1950-
-- 3145
245 10 - NÁZOV
Názov Ekonómia v novej ekonomike
Údaj o zodpovednosti atď. Ján Lisý a kolektív
250 ## - ÚDAJ O PORADÍ VYDANIA
Údaj o poradí vydania 1. vyd.
260 ## - VYDAVATEĽSKÉ ÚDAJE, DISTRIBÚCIA ATĎ.
Miesto publikovania, distribúcie atď. Bratislava
Názov vydavateľa, distibútora atď. Iura edition
Dátum publikovania, distribúcie atď. 2005
300 ## - FYZICKÝ POPIS
Rozsah 622 s.
Ďalšie fyzické detaily sch., tab.
Rozmery 25 cm
490 1# - EDÍCIA
Edícia Ekonómia
650 07 - PRIDANÝ VSTUP – PREDMET – TEMATICKÉ HESLO
Tematické heslo alebo geografický názov ako vstupný prvok ekonómia
Zdroj hesla alebo termínu SNKPH
-- 3073
650 07 - PRIDANÝ VSTUP – PREDMET – TEMATICKÉ HESLO
Tematické heslo alebo geografický názov ako vstupný prvok ekonomika
Zdroj hesla alebo termínu SNKPH
-- 3146
655 #7 - INDEXAČNÝ TERMÍN – ŽÁNER/FORMA
Údaje o žánri/forme alebo termín, ktorý je prvok fazety učebnice vysokých škôl
Zdroj termínu SNKPH
-- 3091
Holdings
Stav stiahnutia (Blokovanie) (Withrawn status) Stav straty Zdroj klasifikácie pre skladovanie Stav poškodenia (Damaged status) Nie pre výpožičky (Not for loan) Spôsob nadobudnutia (Collection code) Trvalé umiestnenie Aktuálne umiestnenie Dátum nadobudnutia Inventárne číslo (prírastkové číslo) Celkom výpožičky Full call number Čiarový kód Vypožičaných Dátum posledného výskytu Dátum poslednej výpôžičky Cena s účinnosťou od Typ jednotky Koha
          Dar Mestská knižnica Giraltovce Mestská knižnica Giraltovce 2022-06-15 21595 1 S1522 S1522 2023-12-03 2023-11-03 2023-11-03 2022-06-15 Odborná literatúra pre dospelých

Powered by Koha